00955 a2200229 45000010006000000050017000060080041000230030015000640400040000790800048001192450044001672640026002113000038002375050182002750410008004571000026004657000032004917000041005237000031005647000031005958560099006265332920260407155807.0260407a2021 arg spa dAR-UNSa-BCEJYS aAR-UNSa-BCEJYSbspacAR-UNSa-BCEJYS a343(094.7)xJurisprudencia de Derecho Penal10aFallos de la Corte de Justicia de Salta 1aSalta :b[s.n.]c2021 a3 v. (200 ; 219 ; 419 p.)c21 cm. aVol. I: Derecho Penal. Parte general. Reseña temática -- Vol. II: Derecho Penal. Parte especial. Reseña temática -- Vol. III: Derecho Procesal Penal. Reseña temática aspa1 aSalta. Poder Judicial1 aCatalano, Guillermo Alberto1 aZenteno Núñez, Marcelo Francisco1 aSosa Vallejo, Jorge Raúl1 aGillieri, Fernando Alfredo41uhttps://www.biblioeco.unsa.edu.ar/pmb/images/libros/L128413.jpgyImagen de portadaqimage/jpeg